000
00395nam a2200145Ia 4500
008
100122s9999 xx 000 0 und d
082
_b
26008
_a
537.6
100
_a
खांबेटे श्री भी
245
_a
वायरमन
260
_b
के.एन.गोकली
_c
1976
300
_a
151
630
_a
वायरमन
730
_a
वायरमन
942
_c
BOOK
999
_c
412574
_d
412571